Les meilleurs buteurs de l'Equipe de France par année - Statistiques

Statistiques générales
  • Ce quiz a été pris 10 371 fois
    2 884 depuis la dernière actualisation
  • Le résultat moyen est 13 sur 58
Statistiques - réponses
Player % Correct
Kylian Mbappé
100%
Antoine Griezmann
96%
Olivier Giroud
96%
Zinédine Zidane
94%
Karim Benzema
91%
Thierry Henry
91%
Michel Platini
82%
David Trezeguet
70%
Franck Ribery
69%
Randal Kolo Muani
69%
Just Fontaine
68%
Jean-Pierre Papin
62%
Raymond Kopa
50%
Éric Cantona
44%
Youri Djorkaeff
40%
Sylvain Wiltord
31%
André-Pierre Gignac
30%
Djibril Cissé
24%
Dominique Rocheteau
18%
Loïc Rémy
14%
Bernard Lacombe
10%
Didier Six
10%
Roger Piantoni
7%
Yannick Stopyra
5%
Henri Michel
4%
Hervé Revelli
4%
Éric Carrière
3%
Jean Baratte
3%
Steve Marlet
3%
Fleury Di Nallo
2%
Jean-Marc Ferreri
2%
José Touré
2%
Olivier Rouyer
2%
Thadée Cisowski
2%
André Guy
1%
Carmelo Micciche
1%
Charly Loubet
1%
Dominique Bathenay
1%
Georges Lech
1%
Gérald Passi
1%
Jean Grumellon
1%
Jean-Marc Guillou
1%
Joseph Ujlaki
1%
Lucien Cossou
1%
Marc Berdoll
1%
Marc Molitor
1%
Maryan Wisniewski
1%
Nestor Combin
1%
Philippe Fargeon
1%
Philippe Gondet
1%
Serge Chiesa
1%
André Strappe
0%
Ángel Rambert
0%
Christian Coste
0%
Jacques Faivre
0%
Marcel Artelesa
0%
Patrick Parizon
0%
Yvon Goujon
0%
Aucun quiz correspondant
Distribution des résultats
% des personnes avec chaque résultat
Percentile par nombre de réponses
Votre historique - résultats
Vous n’avez pas pris ce quiz depuis la dernière actualisation